Statistics for 中国人均GDP最高/低的省区 Provinces with highest/lowest GDP

Click here to take the quiz!

General Stats

  • This quiz has been taken 149 times
  • The average score is 11 of 15

Answer Stats

类别人均GDP(元/人)省区% Correct
最高190313北京
98%
最高179907上海
96%
最高144390江苏
94%
最高118496浙江
89%
最高101905广东
87%
最高126829福建
80%
最高119235天津
74%
最低44968甘肃
71%
最高90663重庆
65%
最低51096黑龙江
57%
最高92059湖北
55%
最高96474内蒙古
53%
最低52164广西
50%
最低52321贵州
48%
最低55347吉林
46%

Score Distribution

Percentile by Number Answered

Percent of People with Each Score

Your Score History

You have not taken this quiz